| 000 | 00419nam a2200097Ia 4500 | ||
|---|---|---|---|
| 008 | 180130s9999 xx 000 0 und d | ||
| 245 |
_cLiu, Zhen Hua; Krishnamurthy, Vishu _aTowards business intelligence over unified structured and unstructured data using XML |
||
| 260 | _c2015 | ||
| 300 | _aBook title: Business intelligence for business development--Acession number C20755; pages 33-56 | ||
| 650 | _aBUSINESS DEVELOPMENT | ||
| 999 |
_c354494 _d354494 |
||